Investment activity of insurance companies under the regulation "Solvency II"
Regulácia investičnej činnosti poisťovní rámcovými smernicami Solventnosť II a Omnibus II. Zásada obozretnej osoby. Regulácia investičnej činnosti poisťovní Delegovanými aktmi, technickými štandardmi a usmerneniami EIOPA.
Gespeichert in:
| 1. Verfasser: | |
|---|---|
| Format: | Buchkapitel |
| Sprache: | Slowakisch |
| Schlagworte: | |
| Tags: |
Keine Tags, Fügen Sie das erste Tag hinzu!
|
MARC
| LEADER | 00000nla a2200000 4500 | ||
|---|---|---|---|
| 001 | 0239097 | ||
| 005 | 20240502073854.4 | ||
| 041 | 0 | |a slo | |
| 044 | |a SK | ||
| 245 | 1 | 0 | |a Investment activity of insurance companies under the regulation "Solvency II" |c Zuzana Krátka |
| 520 | |a Regulácia investičnej činnosti poisťovní rámcovými smernicami Solventnosť II a Omnibus II. Zásada obozretnej osoby. Regulácia investičnej činnosti poisťovní Delegovanými aktmi, technickými štandardmi a usmerneniami EIOPA. | ||
| 610 | 2 | 0 | |a poisťovne |
| 610 | 2 | 0 | |a regulácia |
| 610 | 2 | 0 | |a investovanie |
| 610 | 2 | 0 | |a smernice |
| 610 | 2 | 0 | |a riziko |
| 100 | 1 | |a Krátka, Zuzana, 1968- | |